Government Servants Conduct & Disciplinary Laws: (Record no. 613367)
[ view plain ]
| 000 -LEADER | |
|---|---|
| fixed length control field | 00425nam a22001337a 4500 |
| 082 ## - DEWEY DECIMAL CLASSIFICATION NUMBER | |
| Classification number | 342.5491 |
| Author Mark | BAS |
| 100 ## - MAIN ENTRY--PERSONAL NAME | |
| Personal name | Basit, Muhammad Abdul |
| 245 ## - TITLE STATEMENT | |
| Title | Government Servants Conduct & Disciplinary Laws: |
| Remainder of title | [practice & procedure with model forms] / |
| Statement of responsibility, etc. | Muhammad Abdul Basit |
| 260 ## - PUBLICATION, DISTRIBUTION, ETC. | |
| Place of publication, distribution, etc. | Rawalpindi : |
| Name of publisher, distributor, etc. | Federal Law House, |
| Date of publication, distribution, etc. | 2022. |
| 300 ## - PHYSICAL DESCRIPTION | |
| Extent | 344 p. |
| 563 ## - BINDING INFORMATION | |
| Binding note | HB. |
| 650 ## - SUBJECT ADDED ENTRY--TOPICAL TERM | |
| Topical term or geographic name entry element | Law, Disciplinary Laws |
| 942 ## - ADDED ENTRY ELEMENTS (KOHA) | |
| Source of classification or shelving scheme | |
| Koha item type | Book |
| 650 ## - SUBJECT ADDED ENTRY--TOPICAL TERM | |
| -- | 128389 |
| Withdrawn status | Lost status | Source of classification or shelving scheme | Damaged status | Not for loan | Permanent Location | Current Location | Date acquired | Total Checkouts | Full call number | Barcode | Date last seen | Price effective from | Koha item type |
|---|---|---|---|---|---|---|---|---|---|---|---|---|---|
| NUST Law School (NLS) | NUST Law School (NLS) | 03/17/2025 | 342.5491 BAS | NLS-1439 | 03/17/2025 | 03/17/2025 | Book | ||||||
| NUST Law School (NLS) | NUST Law School (NLS) | 06/28/2025 | 342.5491 BAS | NLS-2755 | 06/28/2025 | 06/28/2025 | Book | ||||||
| NUST Law School (NLS) | NUST Law School (NLS) | 06/28/2025 | 342.5491 BAS | NLS-2756 | 06/28/2025 | 06/28/2025 | Book | ||||||
| NUST Law School (NLS) | NUST Law School (NLS) | 06/28/2025 | 342.5491 BAS | NLS-2757 | 06/28/2025 | 06/28/2025 | Book |
